[Stefan-Ludwig Hoffman, Sandrine Kott, Peter Romijn and Olivier Wieviorka (eds), Seeking Peace in the Wake of War]
| Titel: | [Stefan-Ludwig Hoffman, Sandrine Kott, Peter Romijn and Olivier Wieviorka (eds), Seeking Peace in the Wake of War] / Tom Buchanan |
|---|---|
| Verfasser: | |
| In: |
Journal of contemporary history, Band 53, Heft 2 (2018), Seite 455-456 alle Artikel anzeigen |
| Veröffentlicht: | 2018 |
| Format: | Aufsatz |
| Sprache: | Englisch |
X
alg: 50837793
001A $03025:07-06-23
001B $01999:07-06-23 $t22:54:20.000
001D $03025:07-06-23
001U $0utf8
001X $00
002@ $0Oou
002C $aText $btxt $2rdacontent
002D $aComputermedien $bc $2rdamedia
002E $aOnline-Ressource $bcr $2rdacarrier
003@ $0508377935
007A $0508377935 $aHEB
009Q $uhttps://doi.org/10.1177/0022009417749502i $xH
010@ $aeng
010E $erda
011@ $a2018
013D $#Newspapers Sections, columns, etc. Reviews $#Book reviewing $#Journaux Cahiers, chroniques, etc. Comptes rendus $#Livres Recension $#Rezension $#Buchbesprechung $#Buchrezension $#Buchkritik $74049712-4 $8Rezension [Ts1] $9085138568
021A $a[Stefan-Ludwig Hoffman, Sandrine Kott, Peter Romijn and Olivier Wieviorka (eds), Seeking Peace in the Wake of War] $hTom Buchanan
028A $BVerfasser $#Buchanan, T. $#Buchanan, Thomas Claridge $#Buchanan, T. C. $#Buchanan, Thomas C. $#Buchanan, Tom C. $#Buchanan, Tom Claridge $4aut $7131801236 $8Buchanan, Tom$Z1960- [Tp3] $9179243489
031A $d53 $e2 $h455-456 $j2018
039B $aEnthalten in $8--Obvc--. Journal of contemporary history. - London {[u.a.] : Sage Publ., 1966-. - Online-Ressource. - ISSN 1461-7250 $x201800000530002545 $9083774181
039T $8--Aau--. Seeking peace in the wake of war. - Amsterdam University Press, [2015]. - 359 Seiten $9309278600
045F $a900.9409044 $eDDC23BSB
045F/01 $a900
045F/03 $f09044
045F/03 $g4
lok: 50837793 78
exp: 50837793 78 1 #EPN
201B/01 $007-06-23 $t13:51:02.000
201C/01 $007-06-23
201U/01 $0utf8
203@/01 $01235240843
208@/01 $a07-06-23 $be
209A/01 $a/ $f000 $x00
209A/01 $ab*p $x01
220C/01 $apgar
247C/01 $82080>Marburg/Lahn, Herder-Institut, Forschungsbibliothek, Bibliographieportal $9336309341
| LEADER | 00000caa a2200000 c 4500 | ||
|---|---|---|---|
| 001 | 508377935 | ||
| 003 | DE-603 | ||
| 005 | 20230607225420.0 | ||
| 007 | cr|||||||||||| | ||
| 008 | 230607s2018 xx |||| o| u00||u|eng c | ||
| 035 | |a (DE-599)HEB508377935 | ||
| 040 | |a DE-603 |b ger |c DE-603 |d DE-603 |e rda | ||
| 041 | |a eng | ||
| 082 | 0 | 4 | |8 1\u |a 900.9409044 |q DE-101 |2 23/BSB |
| 085 | |8 1\u |b 900 | ||
| 085 | |8 1\u |z 1 |s 09044 | ||
| 085 | |8 1\u |z 2 |s 4 | ||
| 100 | 1 | |a Buchanan, Tom |d 1960- |e Verfasser |4 aut |0 (DE-603)179243489 |0 (DE-588)131801236 |2 gnd | |
| 245 | 0 | 0 | |a [Stefan-Ludwig Hoffman, Sandrine Kott, Peter Romijn and Olivier Wieviorka (eds), Seeking Peace in the Wake of War] |c Tom Buchanan |
| 264 | 0 | |c 2018 | |
| 336 | |a Text |b txt |2 rdacontent | ||
| 337 | |a Computermedien |b c |2 rdamedia | ||
| 338 | |a Online-Ressource |b cr |2 rdacarrier | ||
| 655 | 7 | |a Rezension |2 gnd-content |0 (DE-588)4049712-4 |0 (DE-603)085138568 | |
| 773 | 0 | 8 | |i Enthalten in |t Journal of contemporary history |d London [u.a.] : Sage Publ., 1966- |h Online-Ressource |x 1461-7250 |g Band 53, Heft 2 (2018), Seite 455-456 |w (DE-603)083774181 |w (DE-600)1494064-4 |
| 787 | 0 | 8 | |i Rezension von |t Seeking peace in the wake of war |d Amsterdam University Press, [2015] |h 359 Seiten |w (DE-603)309278600 |
| 856 | |u https://doi.org/10.1177/0022009417749502i |x Verlag | ||
| 924 | 1 | |9 2080 |a (DE-603)1235240843 |b DE-2080 |c HES |d d |g / | |


